书目信息 |
| 题名: |
核武器与对外政策
|
|
| 作者: | 基辛格 , Kissinger 著 ;北京编译社 译 | |
| 分册: | ||
| 出版信息: | 北京 世界知识出版社 1959 |
|
| 页数: | 444页 | |
| 开本: | 21cm | |
| 丛书名: | ||
| 单 册: | ||
| 中图分类: | D871.20 | |
| 科图分类: | ||
| 主题词: | 美国对外政策-核武器问题 , 核武器问题-美国对外政策 | |
| 电子资源: | ||
| ISBN: | 3003.488 | |
| 000 | 00980nam0 2200313 450 | |
| 001 | 0159015752 | |
| 005 | 20100713030156.0 | |
| 010 | @a3003.488@dCNY1.43 | |
| 091 | @a3003.488@d¥1.43 | |
| 100 | @a19960320d1959 kemy0chiy0110 ea | |
| 101 | 1 | @achi@ceng |
| 102 | @aCN@b110000 | |
| 105 | @ay z 000yy | |
| 106 | @ar | |
| 200 | 1 | @a核武器与对外政策@9He;Hu Wu Qi Yu Dui Wai Zheng Ce @f(美)亨利·基辛格(H.Kissinger)著@g北京编译社译 |
| 210 | @a北京@c世界知识出版社@d1959 | |
| 215 | @a444页@d21cm | |
| 300 | @a内部读物 | |
| 300 | @a据1957年英文版译出 | |
| 300 | @a书名原文:Nuclear weapons and foreign policy | |
| 510 | 1 | @aNuclear weapons and foreign policy@zeng |
| 606 | 0 | @a美国对外政策-核武器问题 |
| 606 | 0 | @a核武器问题-美国对外政策 |
| 690 | @aD871.20@v3 | |
| 701 | 1 | @a基辛格@9ji xin ge@bH.@4著 |
| 701 | 1 | @aKissinger@bH.@4著 |
| 712 | 02 | @a北京编译社@9bei jing bian yi she@4译 |
| 801 | 0 | @aCN@b91MARC@c20130904 |
| 905 | @aBZT@dD871.20@e10@f1@sD871.20/10 | |
| 核武器与对外政策/(美)亨利·基辛格(H.Kissinger)著/北京编译社译.-北京:世界知识出版社,1959 |
| 444页;21cm |
| 内部读物.-据1957年英文版译出.-书名原文:Nuclear weapons and foreign policy |
| ISBN 3003.488:CNY1.43 |
| ● |
| 相关链接 |
|
|
|
正题名:核武器与对外政策
索取号:D871.20/10
 
预约/预借
| 序号 | 登录号 | 条形码 | 馆藏地/架位号 | 状态 | 备注 |
| 1 | 2000095250 | 2000095250 | 旧书回溯/ [索取号:D871.20/10] | 在馆 |